| 000 | 00628nam a2200205Ii 4500 | ||
|---|---|---|---|
| 003 | JO-AjNU | ||
| 008 | 230606s9999||||xx |||||||||||||| ||und|| | ||
| 020 | _a978-1-4665-7145-7 | ||
| 040 |
_aJO-AjNU _beng _erda _cJO-AjNU |
||
| 041 | _aeng | ||
| 050 | 1 | 4 | _aT57.62 .M588 2015 |
| 100 | 3 |
_aGianni, Daniele/andrea ambrogio, _eauthor _94917 |
|
| 245 | 0 | 0 | _aModeling and simulation Based systems Engineering hand book |
| 264 | 3 | 1 | _aNew York :CRC press ,2014 |
| 300 | _a482P | ||
| 336 |
_atext _btxt _2rdacontent |
||
| 337 |
_aunmediated _bn _2rdamedia |
||
| 338 |
_avolume _bnc _2rdacarrier |
||
| 650 | 4 |
_a systems Engineering _94918 |
|
| 999 |
_aE2544 _c2542 _d2542 |
||